| 000 | 00716cam a22002413a 4500 | ||
|---|---|---|---|
| 001 | 19701 | ||
| 003 | PGUSA | ||
| 005 | 20140828083422.0 | ||
| 008 | 061102s2006||||xxu|||||s|||||000 | eng d | ||
| 040 |
_aPGUSA _beng |
||
| 042 | _adc | ||
| 050 | 4 | _aLA | |
| 100 | 1 |
_aAyres, Leonard Porter, _d1879-1946 |
|
| 245 | 1 | 0 |
_aHealth Work in the Public Schools _h[electronic resource] / _cLeonard Porter Ayres |
| 260 |
_bProject Gutenberg, _c2006 |
||
| 506 | _aPublic domain in the USA. | ||
| 516 | _aElectronic text | ||
| 653 | _aPublic schools -- Ohio -- Cleveland | ||
| 653 | _aSchools -- Medical examinations | ||
| 830 | 0 |
_aProject Gutenberg _v19701 |
|
| 856 | 4 | 0 | _uhttp://www.gutenberg.org/ebooks/19701 |
| 942 | _cEB | ||
| 999 |
_c248956 _d248956 |
||